000 00373nam a2200133Ia 4500
008 210210b1974 xxu||||| |||| 00| 0 eng d
082 _a306.83 DUBS
100 _aDUBE (Leela).
245 _aSociology of kinship: an analytical survey of literature.
260 _aBombay.
_bPopular Prakashan.,
_c1974
300 _avi,154
690 _aMarriage & Family
906 _aSG00508
999 _c112226
_d112226